| 000 | 00318nam a22001217a 4500 | ||
|---|---|---|---|
| 999 |
_c15455 _d15455 |
||
| 020 | _a9788129135490 | ||
| 082 |
_a823.92 _bBHA/FI |
||
| 100 |
_aBhagath, chetan. _93159 |
||
| 245 | _aFive point someone what not to do at iit | ||
| 260 |
_aNew delhi ; _bRupa publications pvt ltd , _c2017. |
||
| 300 | _a265p. | ||
| 942 | _cBK | ||